[Event "FRA-ch U14 Girls"]
[Site "Calvi"]
[Date "2005.04.17"]
[Round "1"]
[White "Naquin, Cecile"]
[Black "Richard, Emma"]
[Result "0-1"]
[WhiteElo "1470"]
[BlackElo "1730"]
[PlyCount "42"]
[EventDate "2005.04.??"]
[EventType "swiss"]
[EventRounds "9"]
[EventCountry "FRA"]
[SourceTitle "EXT 2006"]
[Source "ChessBase"]
[SourceDate "2005.11.24"]
[SourceVersion "1"]
[SourceVersionDate "2005.11.24"]
[SourceQuality "1"]

1. e4 c5 2. d4 cxd4 3. Qxd4 Nf6 4. Nc3 Nc6 5. Qd1 e6 6. Nf3 Bb4 7. Bg5 h6 8. Bh4 g5 9. Nxg5 hxg5 10. Bxg5 Be7 11. Qd3 Nb4 12. Qd2 Qa5 13. a3 Nxc2+ 14. Qxc2 Qxg5 15. Nb5 Bd8 16. b4 Qe5 17. Rd1 Nxe4 18. Be2 d5 19. f3 Rxh2 20. Rxh2 Qg3+ 21. Kf1 Qf2# 0-1